| 000 | 00631nam a22001937a 4500 | ||
|---|---|---|---|
| 003 | OSt | ||
| 005 | 20251010035647.0 | ||
| 008 | 251010b |||||||| |||| 00| 0 eng d | ||
| 020 | _a 978-971-0476-25-1 | ||
| 040 |
_aDWCL-Main lib _cOC |
||
| 082 |
_2First edition _aRes. 510.2854 D582c 2017 |
||
| 100 | _aDimal, Reynillan L. | ||
| 245 |
_aCalculator Techniques vol.1/ _cReynillan L. Dimal |
||
| 250 | _aFirst edition | ||
| 260 |
_aCebu City : _bFirst benchmarks Publisher Inc, _cc2017. |
||
| 300 |
_avol. 1, 581 pages : _billustrations ; _c16cm. |
||
| 650 | _a1. Calculators | ||
| 942 |
_2ddc _cBK-0 CIRC _eFirst edition _kFil. _n0 |
||
| 999 |
_c4816 _d4816 |
||